000 02264nam0a2200385 4500
001 RU\NLR\bibl\1749735
005 20260405225928.0
010 _a978-5-89016-663-0
_9500
021 _aRU
_b2011-15305
_91086
035 _a(NLR Aleph) 001740602
090 _a1456894
_c1456894
100 _a20110323d2010 |||y0rusy50 ca
101 0 _arus
_deng
_eeng
102 _aRU
105 _ay |||||||||
200 1 _aРеализация возможностей родственников в процессе социальной реабилитации психически больного
_dFulfilling relatives' opportunities in the process social rehabilitation of a mentally ill person
_eпрактико-ориентированная монография
_fА.К. Гажа, В.А. Монастырский
_gМ-во образования и науки Рос. Федерации, Гос. образоват. учреждение высш. проф. образования "Тамб. гос. ун-т им. Г.Р. Державина"
_zeng
210 _aТамбов
_cИзд-во ТГУ
_d2010
215 _a159 с.
_d20
300 _aАвт. также на англ. яз.: A.K. Gazha, V.A. Monastyrsky
300 _aРез. на англ. яз.
320 _aБиблиогр.: с. 155-159 (64 назв.)
510 0 _6z11790
_aFulfilling relatives' opportunities in the process social rehabilitation of a mentally ill person
_zeng
606 1 _aПсихически больные
_xРеабилитация психосоциальная
_92378391
_3RU\NLR\auth\661419169
686 _aС550.44
686 _aС550.54
686 _aР11(2)286.1
700 1 _4070
_8rus
_7ca
_aГажа
_bА. К.
_cпсихиатр
_gАндрей Константинович
_3RU\NLR\auth\77103950
_986875
701 1 _4070
_8rus
_7ca
_aМонастырский
_bВ. А.
_f1944-2015
_gВалерий Анатольевич
_3RU\NLR\auth\77103962
_986887
790 1 _4070
_8rus
_7ba
_aGaža
_bA. K.
_gAndrej Konstantinovix
_3RU\NLR\auth\77103954
_986879
790 1 _4070
_8rus
_7ba
_aMonastyrskij
_bV. A.
_f1944-2015
_gValerij Anatol'evič
_3RU\NLR\auth\77103963
_986888
801 0 _aRU
_bNLR
_c20110323
_gRCR
801 1 _aRU
_bNLR
_c20110323
942 _cBOOK
980 _aNB